European Geography by Letter - B - Statistics

General Stats
  • This quiz has been taken 484 times
  • The average score is 18 of 20
Answer Stats
Hint Answer % Correct
Dutch, French, and German are the official languages of this country Belgium
99%
Capital of Germany Berlin
98%
Sarajevo is the capital of this country Bosnia and Herzegovina
98%
Alexander Lukashenko has led this country since independence Belarus
96%
Capital of Switzerland Bern
96%
Capital of Hungary Budapest
96%
City that hosts the headquarters of both the European Union and NATO Brussels
95%
Capital of Romania Bucharest
95%
Estonia, Latvia, and Lithuania are on the eastern shore of this sea Baltic Sea
94%
The Cyrillic script was developed in this country Bulgaria
92%
Capital of Slovakia Bratislava
91%
Residence of the monarch of the United Kingdom Buckingham Palace
91%
Sea south of Ukraine and north of Turkey Black Sea
89%
Largest state of Germany, known for its distinct culture from the rest of the country Bavaria
88%
Peninsula and region in southeast Europe; the two countries are above are a part of it Balkans
87%
Capital of Serbia Belgrade
87%
Located in France and Italy, the tallest mountain in the Alps Mount Blanc
80%
Language isolate spoken in northeast Spain and southwest France Basque
77%
Historical region making up the majority of Czechia Bohemia
74%
Celtic region of northwest France Brittany
74%
No matching quizzes found
Score Distribution
Percent of People with Each Score
Percentile by Number Answered
Your Score History
You have not taken this quiz